Quizzes
Events
Quiz Creation
Community
Videos
Private Events
Remove Ads
Sign In
Join for FREE
Feedback
Dark Mode
Quiz Categories
Sports
Geography
Music
Movies
Television
Just For Fun
Miscellaneous
History
Literature
Language
Science
Gaming
Entertainment
Religion
Holiday
For Kids
Quiz Lab
Recent
Popular Today
Quiz Kudos Today
Editor Picks
Curator Picks
Quizzes by...
Day
Popularity
Type
Ratings
Length
Year
Community
Subscriptions
Recent Discussions
Orange Saloon
Badges
Playlists
Quests
Create
Leaderboards
Showdown
Live 5
Trivia Bingo
Activity
Puzzle Library
Sporcle Events
Private Events
Virtual Trivia
Globe League
Become a Host
Pub Owners
SporcleCon
Opinionation
Our Games
Videos
Blog
Mobile Apps
Partnerships
Remove Ads and Go Orange
Feedback
Sports
Athletes
MLB
NBA
NHL
NFL
Soccer
Sports Teams
WWE
NCAA
Football
Premier League
Basketball
Baseball
Hockey
Golf
Tennis
Cricket
Rugby
Auto Racing
Olympics
World Cup
Sports
Athletes
MLB
NBA
NHL
NFL
Soccer
Sports Teams
WWE
NCAA
Football
Premier League
Basketball
Baseball
Hockey
Golf
Tennis
Cricket
Rugby
Auto Racing
Olympics
World Cup
Random Quiz
Search Sporcle
×
Quiz Lab
Quiz Lab
Sports
NHL
Type in answers that appear in a list
Type in answers that appear in a list
Classic
Best Score? Go Orange.
NHL 2013-14 Top 40 Fantasy Centers Stats
Can you name the NHL 2013-14 Top 40 Fantasy Centers?
By
stiggles37
10m
40 Questions
205 Plays
205 Plays
205 Plays
Comments
Comments
Give Quiz Kudos
Give Quiz Kudos
-
- Ratings
hide this ad
Replay
Link that replays current quiz
Next Quiz
Link to next quiz in quiz playlist
You Got
0%
They Got
Avg Score
85%
Avg Friend Score
Upgrade to see
Score Distribution
Jump to the score distribution portion of the page
Score
0/40
Timer
10:00
0
Plays Today
Team
Player
% Correct
PIT
Sidney Crosby
100%
TBL
Steven Stamkos
100%
CHI
Jonathan Toews
100%
NYI
John Tavares
100%
PIT
Evgeni Malkin
99.5%
PHI
Claude Giroux
99.5%
CAR
Eric Staal
99.5%
VAN
Henrik Sedin
99.5%
SJS
Joe Thornton
99.5%
LAK
Anze Kopitar
99%
CAR
Jordan Staal
99%
ANA
Ryan Getzlaf
98.5%
WSH
Nicklas Backstrom
98.5%
DET
Pavel Datsyuk
98%
COL
Matt Duchene
97.6%
BOS
Patrice Bergeron
97.6%
VAN
Ryan Kesler
95.1%
OTT
Jason Spezza
94.1%
DAL
Tyler Seguin
94.1%
EDM
Ryan Nugent-Hopkins
94.1%
Team
Player
% Correct
SJS
Logan Couture
93.2%
STL
David Backes
91.2%
MIN
Mikko Koivu
90.7%
LAK
Mike Richards
88.8%
NYR
Brad Richards
88.3%
NYR
Derek Stepan
87.3%
BOS
David Krejci
85.9%
TOR
Nazem Kadri
79.5%
MTL
Tomas Plekanec
79.5%
PHX
Mike Ribeiro
74.1%
FLA
Jonathan Huberdeau
72.7%
OTT
Kyle Turris
72.2%
EDM
Sam Gagner
68.3%
COL
Nathan MacKinnon
64.9%
BUF
Cody Hodgson
63.9%
DET
Stephen Weiss
63.9%
CBJ
Brandon Dubinsky
63.9%
PHI
Vincent Lecavalier
56.6%
NYR
Derick Brassard
49.3%
BUF
Steve Ott
37.6%
Quiz Playlist
Details
Report
Send in Message
Add To Playlist
Classic:
Type in answers that appear in a list
Quiz Source
Last Updated: Feb 16, 2017
Quiz Scoreboard
CHALLENGE
Sign Up to Join the Scoreboard
Show All
Scores
Hide
Comments
May contain spoilers
Recently Published
One Thing in Common: World Cities II
by knightlancer
Geography
7m
Popular People in 1961
by mucciniale
History
6m
1-10 Letter E Words III
by El_Dandy
Language
2m
More to Explore
Quiz From the Vault
Featured Blog Post
Where Did the Easter Bunny Come From?
hide this ad
You Might Also Like...
Tags
NHL Quiz
Center
Fantasy
Player
team
Top 40
Today's Top Quizzes in Sports
Browse Sports
hide this ad
Today's Top Quizzes in NHL
Browse NHL
Top Contributed Quizzes in Sports
1
Les meilleurs buteurs des matchs entre le PSG et l’OM
2
Les entraîneurs de l'OM et du PSG au 21e siècle
3
2022 World Cup Stars
4
FIFA Club World Cup Champions
5
Name the Premier League winners with different clubs
6
La finale Lions - Afrique du Sud 2021
7
Criteria MLB: Left Handed Sluggers
8
Players with Multiple 50 Home Run Seasons
9
MLB Players with Two .350 Batting Average Seasons
10
MLB Hall of Famer by Rings
Explore More
Trending Topics
Anime
NBA
Harry Potter
Crossword
Marvel
Kpop
Disney
WWE
Puzzle
Pokémon
NFL
Country
Soccer
Song
The Office
hide this ad
More By:
stiggles37
Quiz
Plays
Rating
Category
Featured
Created
NFL Starting QBs (2010s)
57,447
4.73
Sports
Dec 1, 2013
FIFA 19 Top 50 Players in Premier League
14,480
4.14
Sports
Sep 24, 2018
FIFA 18 Top 50 Players in Premier League
9,095
4.50
Sports
Mar 5, 2018
NHL Statistical All-Star Team (since 2000)
5,559
4.56
Sports
Jun 24, 2013
FIFA 19 Top 100 Overall Players
4,915
4.20
Sports
Sep 24, 2018
Go to Creator's Profile
Score Distribution
Quiz Creator Spotlight
stiggles37
Follow
Send a Message
Quizzes Created
-
Created Quiz Play Count
-
More By This Creator
Popular Quizzes Today
1
Find the US States - No Outlines Minefield
2
The Countries of the World
3
Find the Countries of Europe - No Outlines Minefield
4
Popular People in 1961
5
1-10 Letter E Words III
6
Find the US States
7
One Thing in Common: World Cities II
8
US States
More Sports Quizzes
All-Teammate Team: Pete Rose
Curator's Pick
Trending Quizzes
Risky Map Clicking: Least Populous States A-Z
1-10 Letter F Words
1-10 Letter G Words
One Thing in Common: United Kingdom
Risky Map Clicking: Next State Alphabetically
Recently Updated
Leaping Animals
pecheneg
Reality TV Shows (A-Z)
bhenderson79
Rickey Henderson's Hall of Fame Teammates
pecheneg
Champions League XIs: Arsenal
pecheneg
Quick Pick: Celebrities in WWE's Hall of Fame
aduchscher
A-Z Keypad Blitz II
pecheneg
Multiple Oscar Actors
pecheneg
Mystery Phrase Blitz: Oscar 'Best Actors'
pecheneg
F. Scott Fitzgerald Novels
LTH
Pick 3 Villains
ddd62291
Trending Topics
Disney
Marvel
NBA
Kpop
Harry Potter
Crossword
Anime
WWE
Pokémon
Song
Puzzle
Soccer
Country
The Office
NFL
Your Account Isn't Verified!
In order to create a playlist on Sporcle, you need to verify the email address you used during registration. Go to your
Sporcle Settings
to finish the process.
Report this User
Report this user for behavior that violates our
Community Guidelines
.
Details:
Send Report
Go to the Sporcle.com Mobile Site →
Comments